Randu sathru rajyangalkkidayile mathil (Malayalam) (Record no. 75809)

MARC details
000 -LEADER
fixed length control field 00378nam a22001337a 4500
020 ## - INTERNATIONAL STANDARD BOOK NUMBER
ISBN 978 56789 000 23 4
082 ## - DEWEY DECIMAL CLASSIFICATION NUMBER
Classification number 82-1=573.14 CHA
100 ## - MAIN ENTRY--AUTHOR NAME
Personal name CHANDRAN, Simple
245 ## - TITLE STATEMENT
Title Randu sathru rajyangalkkidayile mathil (Malayalam)
260 ## - PUBLICATION, DISTRIBUTION, ETC. (IMPRINT)
Place of publication Thiruvananthapuram
Name of publisher Malayala Sahuthya Academy & Research Centre
Year of publication 2024
300 ## - PHYSICAL DESCRIPTION
Number of Pages 103p.
942 ## - ADDED ENTRY ELEMENTS (KOHA)
Koha item type Books
Holdings
Withdrawn status Lost status Damaged status Not for loan Home library Current library Date acquired Source of acquisition Full call number Accession Number Koha item type
        RRII Library RRII Library 09/02/2026 Complementary copy from author 82-94 CHA G01760 Books